| 000 | 00534nam a2200169Ia 4500 | ||
|---|---|---|---|
| 005 | 20250508153503.0 | ||
| 008 | 008 250505s9999 xx 000 0 eng d | ||
| 037 | _aBooks to be hide in OPAC | ||
| 040 |
_aFEDL _beng _cFEDL |
||
| 041 |
_aeng _2eng |
||
| 084 |
_a371.219, UNI/O _qFEDL |
||
| 245 | 0 | _aFall 1957 statistics on : Enrollment, teachers and schoolhousing | |
| 260 |
_aWashington, USA _bU.S. Government Printing Office _c1958 |
||
| 300 | _a13p. | ||
| 942 |
_cHB _h371.219, UNI/O |
||
| 999 |
_c1343198 _d1343198 |
||